000 00563nam a2200133Ia 4500
008 171212s9999 xx 000 0 und d
020 _a9780874212204
100 _aYancey, Kathleen
245 _cYancey, Kathleen
_aSituating Portfolios
260 _bUniversity Press of Colorado
_c1997
650 _aLanguage & Literature
650 _aPortfolios in education -- United States; Grading and marking (Students) -- United States; English language -- Composition and exercises -- United States -- Ability testing
856 _uwww.jstor.org/stable/10.2307/j.ctt46nxw3
999 _c353175
_d353175